000 01339nam a22003617a 4500
020 _a9698535030
082 _a375
_bWAS
_cD
100 _aShehzad Wasima,
_97832
245 _aOrganizing curriculum vitae/
_bScientist as communicator and presenter.
_c Shehzad Wasima.
250 _a1st ed.
260 _aRawalpindi:
_bNational University of Sciences & Technology,
_cc2000.
300 _ax, 65. :
_bill. ;
_c28 cm.
526 _a0
_b0
_c0
_d375_000000000000000_WAS
526 _a0
_b0
_c0
_d375_000000000000000_WAS
526 _a0
_b0
_c0
_d375_000000000000000_WAS
526 _a0
_b0
_c0
_d375_000000000000000_WAS
526 _a0
_b0
_c0
_d375_000000000000000_WAS
526 _a0
_b0
_c0
_d375_000000000000000_WAS
526 _a0
_b0
_c0
_d375_000000000000000_WAS
526 _a0
_b0
_c0
_d375_000000000000000_WAS
526 _a0
_b0
_c0
_d375_000000000000000_WAS
526 _a0
_b0
_c0
_d375_000000000000000_WAS
526 _a0
_b0
_c0
_d375_000000000000000_WAS
526 _a0
_b0
_c0
_d375_000000000000000_WAS
526 _a0
_b0
_c0
_d375_000000000000000_WAS
526 _a0
_b0
_c0
_d375_000000000000000_WAS
526 _a0
_b0
_c0
_d375_000000000000000_WAS
526 _a0
_b0
_c0
_d375_000000000000000_WAS
526 _a0
_b0
_c0
_d375_000000000000000_WAS
650 _aNUST
_xOrganizing
_938281
700 _a Shehzad Wasima.
_97832
942 _2ddc
_cBK
999 _c542918
_d542918